000 00415nam a2200169Ia 4500
008 230524s9999 xx 000 0 und d
020 _a9780198066791
082 _a621.382
_bRAW
100 _aTarun Kumar Rawat
_942053
245 0 _aSignals and Systems
250 _a1
260 _aNew Delhi
_bOxford
_c2014
300 _a"XVIII,888p;"
500 _aQuantity Number: 1
650 _aElectronics
942 _cBK
999 _c56467
_d56467